Phương pháp dạy học lịch sử

Salvato in:
Dettagli Bibliografici
Autore principale: Phan Ngọc Liên GS.TS. (chủ biên)
Natura: Libro
Lingua:Vietnamese
Pubblicazione: H. Đại học sư phạm 2012
Edizione:In lần thứ tư
Tags: Aggiungi Tag
Nessun Tag, puoi essere il primo ad aggiungerne! !
Thư viện lưu trữ: Mạng thư viện Đại học Đà Nẵng
LEADER 00922nam a2200265 4500
001 000025276
003 21769
005 20170913090911.0
008 170913s2012 viesd
041 0 |a vie 
100 1 |a Phan Ngọc Liên  |c GS.TS.  |e chủ biên 
245 1 0 |a Phương pháp dạy học lịch sử  |c Phan Ngọc Liên chủ biên, Trịnh Đình Tùng, Nguyễn Thị Côi 
250 |a In lần thứ tư 
260 |a H.  |b Đại học sư phạm  |c 2012 
300 |a 2 tập  |c 24 cm. 
774 |a Phan Ngọc Liên  |b In lần thứ tư  |d H.  |d Đại học sư phạm  |d 2012  |g Tập 1  |h 272 tr.  |w 21770 
774 |a Phan Ngọc Liên  |d Đại học sư phạm  |d H.  |d 2012  |g Tập 2  |h 280 tr.  |w 21771 
OWN |a LSP 
999 |a From the UDN01 
TYP |a Monograph 
TYP |a Printed language 
980 |a Mạng thư viện Đại học Đà Nẵng